|
|
|
|
| LEADER |
00000nam0a2200000 4500 |
| 001 |
292787 |
| 005 |
20231102000530.0 |
| 035 |
|
|
|a (RuTPU)RU\TPU\book\317438
|
| 090 |
|
|
|a 292787
|
| 100 |
|
|
|a 20150425d1983 km y0rusy5003 ca
|
| 101 |
0 |
|
|a rus
|
| 102 |
|
|
|a RU
|
| 105 |
|
|
|a a z 001zy
|
| 200 |
1 |
|
|a Фотограмметрические методы при проектно-изыскательских работах в сельском хозяйстве
|f А. А. Фостиков
|
| 210 |
|
|
|a Москва
|c Недра
|d 1983
|
| 215 |
|
|
|a 175 с.
|c ил.
|d 20 см
|
| 225 |
1 |
|
|a Промышленность - селу
|
| 320 |
|
|
|a Библиогр.: с. 170-173
|
| 606 |
1 |
|
|a Сельское хозяйство
|x Картографирование
|2 stltpush
|3 (RuTPU)RU\TPU\subj\54448
|9 72601
|
| 610 |
1 |
|
|a аэрофотограмметрия
|
| 610 |
1 |
|
|a проектно-изыскательские работы
|
| 610 |
1 |
|
|a фотограмметрические методы
|
| 610 |
1 |
|
|a аэрофотоснимки
|
| 675 |
|
|
|a 63
|z rus
|v 4
|
| 700 |
|
1 |
|a Фостиков
|b А. А.
|g Анатолий Алексеевич
|4 070
|
| 801 |
|
0 |
|a RU
|b RuMRKP
|c 19950704
|g psbo
|
| 801 |
|
1 |
|a RU
|b 63413507
|c 20150425
|
| 801 |
|
2 |
|a RU
|b 63413507
|c 20181229
|g RCR
|
| 942 |
|
|
|c BK
|